Online
Catalog

Ángel Palerm / (Record no. 42750)

MARC details
000 -CABECERA
campo de control de longitud fija 01184nam a2200253 a 4500
001 - NÚMERO DE CONTROL
campo de control 000043261
005 - FECHA Y HORA DE LA ÚLTIMA TRANSACCIÓN
campo de control 20201002040752.0
008 - DATOS DE LONGITUD FIJA--INFORMACIÓN GENERAL
campo de control de longitud fija 140303s2006 sp 000 0 spa d
020 ## - NÚMERO INTERNACIONAL ESTÁNDAR DEL LIBRO
Número Internacional Estándar del Libro 8483470004
040 ## - FUENTE DE LA CATALOGACIÓN
Centro catalogador/agencia de origen DO-SdBNP
Lengua de catalogación spa
Centro/agencia transcriptor BNPHU
100 1# - ENTRADA PRINCIPAL--NOMBRE DE PERSONA
Nombre de persona Palerm, Ángel
9 (RLIN) 51118
245 10 - MENCIÓN DE TÍTULO
Título Ángel Palerm /
Mención de responsabilidad, etc. Ángel Palerm: prólogo de Juan Maestre Alfonso ; ensayo introductorio y notas de Alba González Jácome.
260 ## - PUBLICACIÓN, DISTRIBUCIÓN, ETC.
Lugar de publicación, distribución, etc. Madrid :
Nombre del editor, distribuidor, etc. Agencia Española de Cooperación Internacional, Ministerio de Asuntos Exteriores y de Cooperación,
Fecha de publicación, distribución, etc. 2006.
300 ## - DESCRIPCIÓN FÍSICA
Extensión 198 p. ;
Dimensiones 23 cm.
490 1# - MENCIÓN DE SERIE
Mención de serie Ciencias y humanismo
Designación de volumen o secuencia 8
490 1# - MENCIÓN DE SERIE
Mención de serie Antología del pensamiento político social y económico español sobre América Latina
504 ## - NOTA DE BIBLIOGRAFÍA, ETC.
Nota de bibliografía, etc. Incluye referencias bibliográficas y notas al pie de las páginas
504 ## - NOTA DE BIBLIOGRAFÍA, ETC.
Nota de bibliografía, etc. Bibliografía : p. 196-198
500 ## - NOTA GENERAL
Nota general Incluye datos biográficos de la compiladora en la solapa de la cubierta
700 1# - PUNTO DE ACCESO ADICIONAL--NOMBRE DE PERSONA
Nombre de persona Maestre Alfonso, Juan
Término indicativo de función/relación pról.
9 (RLIN) 67763
700 1# - PUNTO DE ACCESO ADICIONAL--NOMBRE DE PERSONA
Nombre de persona González Jácome, Alba
9 (RLIN) 15923
830 #0 - PUNTO DE ACCESO ADICIONAL DE SERIE-TÍTULO UNIFORME
Título uniforme Antología del pensamiento político social y económico español sobre América Latina
9 (RLIN) 70855
830 #0 - PUNTO DE ACCESO ADICIONAL DE SERIE-TÍTULO UNIFORME
Título uniforme Ciencias y humanismo
Designación de volumen o secuencia 8
9 (RLIN) 70218
Holdings
Estado de retiro Estado de pérdida Restricciones de uso No para préstamo Código de colección Localización permanente Ubicación/localización actual Ubicación en estantería Fecha de adquisición Número de inventario Total de préstamos Signatura topográfica completa Código de barras Fecha visto por última vez Precio válido a partir de Tipo de ítem Koha
      Excluido de préstamo Monografías: Libros y Folletos General General En catalogación 03.03.2014 LF1   43261-10 25.06.2020 25.06.2020 No se presta

Powered by Koha